000 01004nam a22003017a 4500
005 20251216094029.0
008 251216t2022 sp ||||| |||| 00| 0 spa d
020 _a978-84-18563-79-9
040 _aIste
041 _aspa
044 _asp
082 _a612.7
_bK8551
100 _aKraemer, William
_cAutor
_eAutor
_98584
245 _aFisiología del ejercicio:
_bteoría y aplicación práctica.
250 _a3a. ed.
260 _aBarcelona - España
_bWolters Kluwer
_c2022
300 _a607 páginas,
_bgráficos, ilustraciones, tablas.
650 _aFUNDAMENTOS DE LA FISIOLOGÍA DEL EJERCICIO
_98585
650 _aEJERCICIO Y SISTEMAS CORPORALES
_98586
650 _aNUTRICIÓN Y AMBIENTE
_98587
650 _aESNTRENAMIENTO PARA LA SALUD
_98588
650 _aEL RENDIMIENTO
_98589
653 _aTECNOLOGÍA Y CIENCIAS MÉDICAS
653 _aTERAPÉUTICA
700 _aFleck, Steven
_eAutor
_98590
700 _aDeschenes, Michael
_eAutor
_98591
942 _2udc
_cLB
_zUCat
999 _c1716
_d1716